All Nations to Have Won a Medal in Football at the Olympics - Statistics

General Stats
  • This quiz has been taken 120 times
  • The average score is 29 of 35
Answer Stats
Answer % Correct
Brazil
99%
United States
97%
West Germany
97%
Argentina
96%
Germany
96%
Spain
96%
United Team of Germany
96%
Italy
95%
Mexico
95%
France
94%
Japan
92%
Uruguay
90%
Canada
89%
Great Britain
88%
Netherlands
88%
Sweden
88%
Soviet Union
87%
Chile
86%
Belgium
85%
Norway
84%
South Korea
84%
China
83%
Poland
83%
Hungary
81%
Nigeria
80%
Yugoslavia
80%
Denmark
79%
Austria
73%
Czechoslovakia
72%
Switzerland
68%
Cameroon
67%
East Germany
62%
Bulgaria
61%
Paraguay
60%
Ghana
56%
No matching quizzes found
Score Distribution
Percent of People with Each Score
Percentile by Number Answered
Your Score History
You have not taken this quiz